| 000 | 00914nam a22002655a 4500 | ||
|---|---|---|---|
| 005 | 20201128024254.0 | ||
| 006 | m||||f ||z 00| 0 | ||
| 008 | 180311t2008 enka frb 001 0 eng d | ||
| 020 | _a9781844807321 | ||
| 040 |
_aEG-ScBUE _beng _cEG-ScBUE _dEG-ScBUE |
||
| 082 | 0 | 4 |
_222 _a005.74 _bROB |
| 100 | 1 | _aRob, Peter. | |
| 245 | 1 | 0 |
_aDatabase systems : _bdesign, implementation & management / _cPeter Rob, Carlos Coronel, Keeley Crockett |
| 250 | _aInternational ed. | ||
| 260 |
_aHampshire : _bCourse Technology, Cengage Learning, _cc.2008. |
||
| 300 |
_axviii, 808 p. : _bill. ; _c26 cm. + _eCD-ROM (4 3/4 in.) |
||
| 504 | _aIncludes bibliographical references and index. | ||
| 650 | 7 |
_2BUEsh _92653 _aDatabase design. |
|
| 650 | 7 |
_911309 _aDatabase management. |
|
| 651 | _2BUEsh | ||
| 653 |
_bGGEN _bCOMSCI _cMarch2018 |
||
| 700 | 1 | _aCoronel, Carlos. | |
| 700 | 1 |
_aCrockett, Keeley. _935234 |
|
| 942 | _2ddc | ||
| 999 |
_c26267 _d26239 |
||